The theory of relativity (Record no. 20274)

MARC details
000 -LEADER
fixed length control field 00352nam a2200145Ia 4500
003 - CONTROL NUMBER IDENTIFIER
control field IN-BaIIA
008 - FIXED-LENGTH DATA ELEMENTS--GENERAL INFORMATION
fixed length control field 211028s9999 xx 000 0 eng d
040 ## - CATALOGING SOURCE
Transcribing agency IIA Library
100 ## - MAIN ENTRY--PERSONAL NAME
Personal name Athria, R.K.P.
9 (RLIN) 37866
245 #4 - TITLE STATEMENT
Title The theory of relativity
Statement of responsibility, etc. R.K.P Athria
250 ## - EDITION STATEMENT
Edition statement 2nd ed.
260 ## - PUBLICATION, DISTRIBUTION, ETC.
Name of publisher, distributor, etc. Pergamon Press
Date of publication, distribution, etc. 1974
300 ## - PHYSICAL DESCRIPTION
Extent 316p.
942 ## - ADDED ENTRY ELEMENTS (KOHA)
Koha item type Books
Holdings
Withdrawn status Lost status Damaged status Not for loan Home library Current library Shelving location Date acquired Total Checkouts Barcode Date last seen Price effective from Koha item type
        IIA Library-Bangalore IIA Library-Bangalore General Stacks     6194 05/11/2021   Books

Powered by Koha